[Event "GER-ch U10 Girls"]
[Site "Willingen"]
[Date "2024.05.20"]
[Round "3"]
[White "Lao, Theodora Siyuan"]
[Black "Boehm, Arwen Skadi"]
[Result "1-0"]
[WhiteElo "1087"]
[BlackElo "968"]
[PlyCount "63"]
[EventDate "2024.05.19"]
[EventType "swiss"]
[EventRounds "11"]
[EventCountry "GER"]
[SourceTitle "CBM 220 Extra"]
[Source "ChessBase"]
[SourceDate "2024.07.31"]
[SourceVersion "1"]
[SourceVersionDate "2024.07.31"]
[SourceQuality "1"]

1. e4 e5 2. Nf3 Nc6 3. Nc3 Nf6 4. Bc4 Bc5 5. d3 d6 6. 0-0 0-0 7. h3 h6 8. Be3 Bxe3 9. fxe3 Be6 10. Bb3 Bxb3 11. axb3 Nb4 12. Ra4 c5 13. Nb5 Qb6 14. c4 a6 15. Nc3 Qc6 16. Qd2 b5 17. Raa1 bxc4 18. bxc4 Rfc8 19. Nd5 Nfxd5 20. exd5 Qb6 21. d4 e4 22. Nh4 cxd4 23. exd4 Rxc4 24. Nf5 g6 25. Nxh6+ Kg7 26. Rxf7+ Kh8 27. Nf5 Kg8 28. Rg7+ Kf8 29. Qh6 Rc1+ 30. Rxc1 Qxd4+ 31. Nxd4 Nd3 32. Qh8# 1-0

[Event "GER-ch U10 Girls"]
[Site "Willingen"]
[Date "2024.05.19"]
[Round "2"]
[White "Boehm, Arwen Skadi"]
[Black "Tiuca, Emma"]
[Result "0-1"]
[WhiteElo "968"]
[BlackElo "1512"]
[PlyCount "66"]
[EventDate "2024.05.19"]
[EventType "swiss"]
[EventRounds "11"]
[EventCountry "GER"]
[SourceTitle "CBM 220 Extra"]
[Source "ChessBase"]
[SourceDate "2024.07.31"]
[SourceVersion "1"]
[SourceVersionDate "2024.07.31"]
[SourceQuality "1"]

1. e4 e6 2. Nf3 d5 3. exd5 exd5 4. d4 Bd6 5. Nc3 c6 6. Bd3 Nf6 7. Qe2+ Be6 8. 0-0 0-0 9. Bg5 Nbd7 10. Bxf6 Nxf6 11. Ng5 Bg4 12. f3 Re8 13. Qf2 Bh5 14. Rae1 h6 15. Rxe8+ Qxe8 16. Re1 Qd7 17. Nh3 Qc7 18. g3 c5 19. dxc5 Bxc5 20. Re3 Bxe3 21. Qxe3 Re8 22. Qf2 Qe7 23. g4 Bxg4 24. fxg4 Nxg4 25. Qg2 Qe3+ 26. Kh1 Qe1+ 27. Ng1 Nf2+ 28. Qxf2 Qxf2 29. Nxd5 Re1 30. Ne7+ Kf8 31. Ng6+ fxg6 32. Bf1 Rxf1 33. c3 Qf3# 0-1